La libertad de expresión (Record no. 156746)

MARC details
000 -LEADER
fixed length control field 00520nam a22001697a 4500
005 - DATE AND TIME OF LATEST TRANSACTION
control field 20210705093803.0
008 - FIXED-LENGTH DATA ELEMENTS--GENERAL INFORMATION
fixed length control field 210705b ag ||||| |||| 00| 0 spa d
020 ## - INTERNATIONAL STANDARD BOOK NUMBER
International Standard Book Number 9502007107
050 04 - LIBRARY OF CONGRESS CALL NUMBER
Classification number KHA3012
Item number P45 1993
100 1# - MAIN ENTRY--PERSONAL NAME
Personal name Pellet Lastra, Arturo
245 13 - TITLE STATEMENT
Title La libertad de expresión
Statement of responsibility, etc / Arturo Pellet Lastra
250 ## - EDITION STATEMENT
Edition statement 2a ed.
Remainder of edition statement ampliada y actualizada
260 ## - PUBLICATION, DISTRIBUTION, ETC. (IMPRINT)
Place of publication, distribution, etc Buenos Aires :
Name of publisher, distributor, etc Abeledo-Perrot,
Date of publication, distribution, etc 1993
300 ## - PHYSICAL DESCRIPTION
Extent 205 p. ;
Dimensions 23 cm.
650 #7 - SUBJECT ADDED ENTRY--TOPICAL TERM
Source of heading or term lemb
Topical term or geographic name as entry element Libertad de expresión
Geographic subdivision Argentina
942 ## - ADDED ENTRY ELEMENTS (KOHA)
Source of classification or shelving scheme Biblioteca del Cogreso de los Estados Unidos
Koha item type Libro
Holdings
Estado de pérdida Fuente de clasificación Estado del daño No para préstamo Ubicación permanente Ubicación actual Apartado o colección Fecha de adquisición Edición Dependencia de educación superior (DES) Área del conocimiento Total Checkouts Clasificación Código de Barras Date last seen Número de copia Costo por reposición Tipo de recurso
  Biblioteca del Cogreso de los Estados Unidos     Biblioteca del Posgrado en Derecho Biblioteca del Posgrado en Derecho Colección Ernesto Villanueva 05/07/2021 2a ed. Derecho Ciencias Sociales y Administrativas   KHA3012 P45 1993 BPD000001764 05/07/2021 1 1.00 Libro